000 00664nam a2200241Ia 4500
005 20260430150218.0
008 008 250103s9999 xx 000 0 eng d
037 _aTheses
040 _aCRL
040 _beng
040 _ceng
041 _2eng
041 _aeng
084 _qCRL
100 _aPradeep Rajist Au.; Jafri S.Z.H. Gu.
_91236807
245 0 _aIrrigation and agriculture development in the middle united provinces (1860-1952): A study
260 _c2019
300 _a237p.
650 _aHistory
700 _aUniversity of Delhi. Faculty of Social Science. Depatment of Histoy
_91236808
942 _cTH
999 _c1849227
_d1849227